000
00316nam a22001337a 4500
008
180919b xxu||||| |||| 00| 0 eng d
020
_a
2900131241236
041
_a
eng
080
_2
7 ED
_a
370
100
_a
48
101
_a
EDU
245
_a
The scott Foresman Hndbook For Writers
_c
Fried.H
942
_2
udc
_c
BK
999
_c
48046
_d
48046